[Event "XXXVI Weekend A Epifania"]
[Site "Torino ITA"]
[Date "2011.01.05"]
[Round "1"]
[White "Pulito, Alberto"]
[Black "Macheda, Andrea"]
[Result "1-0"]
[WhiteElo "2282"]
[BlackElo "1894"]
[PlyCount "113"]
[EventDate "2011.01.05"]

1. e4 c5 2. c3 d5 3. exd5 Qxd5 4. d4 Nf6 5. Nf3 cxd4 6. cxd4 e6 7. Nc3 Bb4 8.
Bd3 O-O 9. O-O Bxc3 10. bxc3 b6 11. c4 Qh5 12. Re1 Nbd7 13. Rb1 Bb7 14. Rb5
Bxf3 15. gxf3 e5 16. Bf4 a6 17. Rbxe5 Nxe5 18. Rxe5 Qh3 19. Bf5 Qh4 20. Qd2
Rad8 21. Qe3 Rfe8 22. Bg5 Qxd4 23. Qxd4 Rxd4 24. Bxf6 Rxe5 25. Bxe5 Rxc4 26.
Bd3 Ra4 27. Bb1 f6 28. Bg3 Kf7 29. Kf1 f5 30. Be5 g6 31. Bc2 Rh4 32. Bb3+ Ke7
33. Kg2 Rb4 34. Bc3 Rh4 35. Kg3 g5 36. Be5 f4+ 37. Kg2 Rh6 38. Bd5 Rg6 39. Be4
Rh6 40. Bf5 Kf7 41. h3 Kg8 42. Kf1 Rc6 43. Ke2 h6 44. Kd3 Kf7 45. Bd4 Ke7 46.
Be4 Rd6 47. Kc4 Kd7 48. Bf5+ Kc6 49. Be4+ Kd7 50. Bd5 Rg6 51. Bb7 b5+ 52. Kc5
Kc7 53. Bd5 Kd7 54. Be5 h5 55. Be4 Rh6 56. Bf5+ Ke7 57. Bg7 1-0

[Event "XXXVI Weekend A Epifania"]
[Site "Torino ITA"]
[Date "2011.01.05"]
[Round "1"]
[White "Vozza, Nicola"]
[Black "Passerotti, Pierluigi"]
[Result "0-1"]
[WhiteElo "1887"]
[BlackElo "2255"]
[PlyCount "68"]
[EventDate "2011.01.05"]

1. e4 c5 2. Nf3 d6 3. Nc3 Nf6 4. d4 cxd4 5. Nxd4 a6 6. Be2 e5 7. Nf3 Be7 8. O-O
O-O 9. h3 b5 10. Nd2 Bb7 11. Bf3 Nbd7 12. Re1 b4 13. Ne2 d5 14. Ng3 d4 15. Nc4
Re8 16. Nf5 Qc7 17. Nxe7+ Rxe7 18. b3 Nb6 19. a3 Nxc4 20. bxc4 Qxc4 21. axb4
Rc7 22. Re2 Qxb4 23. Ba3 Qb6 24. Rb1 Qe6 25. Rb3 Bc6 26. Rb6 Rb7 27. Rxb7 Bxb7
28. Qb1 Bc6 29. Qb6 Bb5 30. Qb7 Qc8 31. Qxc8+ Rxc8 32. Rd2 Rc6 33. g4 h6 34. h4
Rc3 0-1

[Event "XXXVI Weekend A Epifania"]
[Site "Torino ITA"]
[Date "2011.01.05"]
[Round "1"]
[White "Quirico, Paolo"]
[Black "Mantovan, Giuseppe"]
[Result "1-0"]
[WhiteElo "2156"]
[BlackElo "1844"]
[PlyCount "81"]
[EventDate "2011.01.05"]

1. d4 d5 2. Bf4 Nf6 3. e3 c6 4. c4 a6 5. Nc3 Nbd7 6. Nf3 Nh5 7. cxd5 Nxf4 8.
exf4 cxd5 9. Nxd5 e6 10. Nc3 Bd6 11. g3 O-O 12. Bg2 Nf6 13. O-O Bd7 14. Ne5 Rb8
15. Nxd7 Qxd7 16. d5 e5 17. fxe5 Bxe5 18. Qd3 Rfd8 19. Rfd1 b5 20. a3 Rb6 21.
Qe3 Bc7 22. Ne4 Nxe4 23. Bxe4 Rf6 24. Rf1 Bb6 25. Qd3 h5 26. h4 Qh3 27. Bg2 Qd7
28. Qd1 Qg4 29. Rc1 Qd4 30. Qxd4 Bxd4 31. Rc2 g6 32. Rfc1 Rfd6 33. Rc6 Bb6 34.
Be4 Kg7 35. Kg2 a5 36. b4 axb4 37. axb4 Bd4 38. R1c2 Bb6 39. f3 Be3 40. Ra2
Rxc6 41. dxc6 1-0

[Event "XXXVI Weekend A Epifania"]
[Site "Torino ITA"]
[Date "2011.01.06"]
[Round "2"]
[White "Torrione, William"]
[Black "Pulito, Alberto"]
[Result "0-1"]
[WhiteElo "2005"]
[BlackElo "2282"]
[PlyCount "198"]
[EventDate "2011.01.05"]

1. d4 d5 2. c4 c6 3. Nf3 Nf6 4. cxd5 cxd5 5. Nc3 Nc6 6. e3 Bf5 7. Bd3 Bxd3 8.
Qxd3 e6 9. O-O Be7 10. Qb5 a6 11. Qe2 O-O 12. b3 Rc8 13. Bb2 b5 14. Rfc1 Qb6
15. Nd1 Rfd8 16. Ne1 Nd7 17. Nd3 b4 18. Rc2 Rc7 19. Rac1 Rdc8 20. Ba1 Qa5 21.
Qd2 Na7 22. Rxc7 Rxc7 23. Rxc7 Qxc7 24. N1b2 Nb6 25. Qc1 Qxc1+ 26. Nxc1 Nb5 27.
Nbd3 Nd7 28. Bb2 Kf8 29. Kf1 Ke8 30. Ke2 Kd8 31. Kd2 Kc7 32. Ne2 a5 33. Ne5 f6
34. Nxd7 Kxd7 35. Nf4 Nd6 36. f3 Nb5 37. Nd3 Bd6 38. h3 Kc6 39. g4 Na7 40. Ke2
Kb5 41. Bc1 Nc6 42. Bb2 g6 43. Kd2 a4 44. f4 Na5 45. Kc2 Nb7 46. Kd2 Na5 47.
Kc2 Nc6 48. Kd2 Ne7 49. Kc2 f5 50. g5 Nc8 51. Kd2 Nb6 52. Kc2 Nd7 53. Kd2 Nb8
54. Kd1 Nc6 55. Kd2 Nd8 56. Kc2 Nf7 57. Kd2 Be7 58. Ke2 Bf8 59. Bc1 Bd6 60. Bb2
Nd8 61. Kd2 Nf7 62. Ke2 Be7 63. Bc1 Ka5 64. Bb2 Kb5 65. Bc1 Bd6 66. Bb2 Nd8 67.
Kd1 Nb7 68. Kd2 Na5 69. Kc2 Nc4 70. bxc4+ dxc4 71. Nc1 a3 72. Ba1 Kc6 73. Ne2
Kd5 74. Ng3 Bc7 75. h4 Bd8 76. Kd2 Bc7 77. Kc2 Ba5 78. h5 Bc7 79. hxg6 hxg6 80.
Kd2 Bd8 81. Kc2 Ba5 82. Bb2 axb2 83. Kxb2 Bb6 84. Kc2 Bd8 85. Kb2 Be7 86. Kc2
Bd6 87. Kb2 Bxf4 88. exf4 Kxd4 89. Kc2 Ke3 90. Nh5 Kf3 91. Kd2 Kg4 92. Ng7 Kxf4
93. Nxe6+ Kg4 94. Ng7 Kxg5 95. Ne6+ Kg4 96. Nd4 f4 97. Nc2 b3 98. a4 bxc2 99.
a5 f3 0-1

[Event "XXXVI Weekend A Epifania"]
[Site "Torino ITA"]
[Date "2011.01.06"]
[Round "2"]
[White "Passerotti, Pierluigi"]
[Black "Fassio, Luca"]
[Result "1-0"]
[WhiteElo "2255"]
[BlackElo "2089"]
[PlyCount "51"]
[EventDate "2011.01.05"]

1. d4 g6 2. e4 Bg7 3. Nc3 d6 4. Nf3 Nf6 5. Bg5 Nc6 6. d5 Nb8 7. Qd2 O-O 8. Be2
c5 9. O-O Bg4 10. Rfe1 Nbd7 11. Bh6 a6 12. a4 b6 13. Bxg7 Kxg7 14. Nh4 Bxe2 15.
Rxe2 Ne8 16. f4 e5 17. dxe6 fxe6 18. Nf3 Rb8 19. Rd1 h6 20. e5 d5 21. Nxd5 Nxe5
22. Rxe5 exd5 23. Rxd5 Qf6 24. Ne5 Qxf4 25. Rd7+ Kg8 26. Qd5+ 1-0

[Event "XXXVI Weekend A Epifania"]
[Site "Torino ITA"]
[Date "2011.01.06"]
[Round "2"]
[White "Giacometto, Mario"]
[Black "Barletta, Mauro"]
[Result "1/2-1/2"]
[WhiteElo "1991"]
[BlackElo "2247"]
[PlyCount "49"]
[EventDate "2011.01.05"]

1. e4 d5 2. exd5 Nf6 3. d4 Nxd5 4. c4 Nb6 5. Nf3 g6 6. Bd2 Bg7 7. Bc3 O-O 8.
Be2 Bg4 9. O-O Nc6 10. d5 Bxf3 11. Bxf3 Ne5 12. Be2 c5 13. dxc6 bxc6 14. Qc2
Qc8 15. Nd2 Qf5 16. Rac1 Rfd8 17. Qxf5 gxf5 18. Ba5 Nd3 19. Bxd3 Rxd3 20. b3
Bh6 21. Rc2 Nd7 22. Nf3 e6 23. Rc3 Rxc3 24. Bxc3 a5 25. Rd1 1/2-1/2

[Event "XXXVI Weekend A Epifania"]
[Site "Torino ITA"]
[Date "2011.01.06"]
[Round "2"]
[White "Di Chiara, Mauro"]
[Black "Hofmann, Martin"]
[Result "0-1"]
[WhiteElo "1952"]
[BlackElo "2175"]
[PlyCount "102"]
[EventDate "2011.01.05"]

1. Nf3 Nf6 2. d4 b6 3. g3 Bb7 4. Bg2 c5 5. O-O cxd4 6. Nxd4 Bxg2 7. Kxg2 g6 8.
c4 Bg7 9. Nc3 Qc8 10. Qd3 Na6 11. Ndb5 Nb4 12. Qf3 O-O 13. b3 Nc2 14. Rb1 a6
15. Na3 Nd4 16. Qd3 Qb7+ 17. e4 Ne6 18. Nd5 d6 19. Nc2 Nc5 20. Nxf6+ Bxf6 21.
Qd5 Qc7 22. f3 Rfd8 23. Bf4 Rac8 24. Rfd1 b5 25. cxb5 Nxe4 26. Qxe4 Qxc2+ 27.
Qxc2 Rxc2+ 28. Rd2 Rxd2+ 29. Bxd2 axb5 30. a4 Rc8 31. Rc1 Rxc1 32. Bxc1 bxa4
33. bxa4 Bd4 34. Kf1 Kf8 35. Ke2 Ke8 36. Kd3 Bg1 37. h3 Kd7 38. Kc4 Kc6 39. Ba3
f5 40. Bb4 d5+ 41. Kd3 e5 42. Ba3 Bc5 43. Bb2 e4+ 44. fxe4 fxe4+ 45. Kd2 d4 46.
Ke2 Kd5 47. Bc1 Kc4 48. Bd2 d3+ 49. Kd1 e3 50. Be1 e2+ 51. Kc1 Be3+ 0-1

[Event "XXXVI Weekend A Epifania"]
[Site "Torino ITA"]
[Date "2011.01.06"]
[Round "2"]
[White "Ratti, Marco"]
[Black "Quirico, Paolo"]
[Result "0-1"]
[WhiteElo "1944"]
[BlackElo "2156"]
[PlyCount "54"]
[EventDate "2011.01.05"]

1. d4 Nf6 2. c4 e5 3. dxe5 Ng4 4. Nf3 Bc5 5. e3 Nc6 6. a3 a5 7. Bd2 O-O 8. Bc3
Re8 9. Be2 Ngxe5 10. Nbd2 d6 11. O-O Bd7 12. Nxe5 dxe5 13. Bf3 Qe7 14. Qc2 Ra6
15. Nb3 Ba7 16. Be4 Qh4 17. Nd2 Nd8 18. Nf3 Qh5 19. Rad1 Bg4 20. h3 Rh6 21.
Bxe5 Bxf3 22. Bf4 Bxd1 23. Rxd1 Rhe6 24. Bxc7 Nc6 25. Bf3 Qg5 26. Bf4 Qf6 27.
Rd7 Nd4 0-1

[Event "XXXVI Weekend A Epifania"]
[Site "Torino ITA"]
[Date "2011.01.06"]
[Round "3"]
[White "Pulito, Alberto"]
[Black "Grinza, Andrea"]
[Result "1-0"]
[WhiteElo "2282"]
[BlackElo "2132"]
[PlyCount "43"]
[EventDate "2011.01.05"]

1. e4 c6 2. d4 d5 3. e5 Bf5 4. Nf3 e6 5. Be2 Nd7 6. O-O Ne7 7. c4 dxc4 8. Bxc4
c5 9. Nc3 Nc6 10. d5 Ncxe5 11. Nxe5 Nxe5 12. Qa4+ Nd7 13. Bf4 a6 14. dxe6 Bxe6
15. Bxe6 fxe6 16. Rfe1 Be7 17. Rad1 Rf8 18. Rxe6 Rf7 19. Nd5 b5 20. Qe4 Ra7 21.
Nxe7 Rxe7 22. Bg5 1-0

[Event "XXXVI Weekend A Epifania"]
[Site "Torino ITA"]
[Date "2011.01.06"]
[Round "3"]
[White "Quirico, Paolo"]
[Black "Passerotti, Pierluigi"]
[Result "1/2-1/2"]
[WhiteElo "2156"]
[BlackElo "2255"]
[PlyCount "31"]
[EventDate "2011.01.05"]

1. Nf3 c5 2. c3 Nf6 3. d4 e6 4. Bf4 b6 5. e3 Bb7 6. Nbd2 Be7 7. h3 O-O 8. Bd3
a6 9. O-O Nc6 10. Qe2 cxd4 11. exd4 Re8 12. Rfe1 Bf8 13. Ne4 g6 14. Nxf6+ Qxf6
15. Bg5 Qg7 16. Rad1 1/2-1/2

[Event "XXXVI Weekend A Epifania"]
[Site "Torino ITA"]
[Date "2011.01.06"]
[Round "3"]
[White "Hofmann, Martin"]
[Black "De Barberis, Massimo"]
[Result "1/2-1/2"]
[WhiteElo "2175"]
[BlackElo "2090"]
[PlyCount "75"]
[EventDate "2011.01.05"]

1. Nf3 Nf6 2. c4 e6 3. g3 c5 4. Bg2 Nc6 5. Nc3 d5 6. cxd5 exd5 7. d4 Be7 8. O-O
O-O 9. Bg5 c4 10. Ne5 Be6 11. Bxf6 Bxf6 12. Nxc4 dxc4 13. d5 Nd4 14. dxe6 Nxe6
15. Bd5 Rc8 16. Rc1 Qd7 17. Rc2 Rfd8 18. Rd2 Qc7 19. Qa1 b5 20. Bxe6 Rxd2 21.
Nd5 Rxd5 22. Bxd5 Qe5 23. Bf3 Qxb2 24. Qxb2 Bxb2 25. Rd1 c3 26. Be4 Kf8 27. Bc2
Ke7 28. Kg2 Rc6 29. Rd5 a6 30. Kf3 Ke6 31. e4 Ba3 32. Ke2 Rd6 33. Bb3 Rxd5 34.
Bxd5+ Ke5 35. Kd3 f5 36. f4+ Kd6 37. Kxc3 Bc5 38. Bb7 1/2-1/2

[Event "XXXVI Weekend A Epifania"]
[Site "Torino ITA"]
[Date "2011.01.06"]
[Round "3"]
[White "Manni, Stefano"]
[Black "Giacometto, Mario"]
[Result "1/2-1/2"]
[WhiteElo "2017"]
[BlackElo "1991"]
[PlyCount "63"]
[EventDate "2011.01.05"]

1. d4 d5 2. Nf3 Nf6 3. e3 e6 4. Bd3 c5 5. b3 Nc6 6. O-O b6 7. Bb5 Bb7 8. Ne5
Rc8 9. Bb2 a6 10. Nxc6 Bxc6 11. Bxa6 Rc7 12. Nd2 Qa8 13. Be2 Bd6 14. c4 Ra7 15.
dxc5 Bxc5 16. Bxf6 gxf6 17. cxd5 Bxd5 18. Bf3 Bxf3 19. Qxf3 Qxf3 20. Nxf3 O-O
21. Rfd1 Rfa8 22. Rd2 Ra3 23. g3 Rxb3 24. axb3 Rxa1+ 25. Kg2 Rb1 26. Rd3 Rb2
27. Nd2 Kg7 28. Ne4 Be7 29. g4 b5 30. Rd7 Bb4 31. Rb7 Rxb3 32. Rxb5 1/2-1/2

[Event "XXXVI Weekend A Epifania"]
[Site "Torino ITA"]
[Date "2011.01.07"]
[Round "4"]
[White "Passerotti, Pierluigi"]
[Black "Pulito, Alberto"]
[Result "1-0"]
[WhiteElo "2255"]
[BlackElo "2282"]
[PlyCount "83"]
[EventDate "2011.01.05"]

1. d4 d5 2. c4 c6 3. Nf3 Nf6 4. Nc3 e6 5. Bg5 h6 6. Bxf6 Qxf6 7. Qb3 dxc4 8.
Qxc4 g6 9. e4 Nd7 10. e5 Qe7 11. a3 Bg7 12. Ne4 O-O 13. Bd3 Rd8 14. Rc1 Nb6 15.
Qc2 Bd7 16. O-O Be8 17. Rfe1 Nd5 18. Bc4 Rab8 19. h3 a5 20. Qd2 b6 21. Nd6 Bf8
22. Ne4 Bg7 23. Bxd5 cxd5 24. Nd6 Qd7 25. Rc3 Bf8 26. Rec1 Bxd6 27. exd6 Qxd6
28. Qxh6 Qf8 29. Qh4 f6 30. Rc7 Rd7 31. Nh2 g5 32. Qg3 Rbd8 33. h4 Qg7 34. hxg5
fxg5 35. Nf3 g4 36. Rxd7 Rxd7 37. Ne5 Rc7 38. Rxc7 Qxc7 39. Qxg4+ Kf8 40. Qf4+
Kg7 41. Qg5+ Kh7 42. Ng4 1-0

[Event "XXXVI Weekend A Epifania"]
[Site "Torino ITA"]
[Date "2011.01.07"]
[Round "4"]
[White "De Barberis, Massimo"]
[Black "Barletta, Mauro"]
[Result "0-1"]
[WhiteElo "2090"]
[BlackElo "2247"]
[PlyCount "72"]
[EventDate "2011.01.05"]

1. e4 d5 2. exd5 Nf6 3. Nc3 Nxd5 4. Bc4 Nb6 5. Bb3 Nc6 6. Nf3 g6 7. h4 h6 8. d3
Bg7 9. Be3 Bg4 10. Qd2 Bxf3 11. gxf3 Nd4 12. O-O-O a5 13. Bxd4 Qxd4 14. a4 Qb4
15. Rde1 Bxc3 16. Qxc3 Qxc3 17. bxc3 h5 18. Re4 e6 19. Rg1 Nd7 20. d4 O-O-O 21.
c4 b6 22. c3 c6 23. Rg5 Kc7 24. Re2 Rhe8 25. Bc2 Kd6 26. Kd2 Re7 27. Bd3 e5 28.
Re4 Rde8 29. f4 exd4 30. Rxd4+ Kc7 31. f5 Nc5 32. fxg6 Nb3+ 33. Kc2 Nxd4+ 34.
cxd4 fxg6 35. f3 Re3 36. Be4 Re6 0-1

[Event "XXXVI Weekend A Epifania"]
[Site "Torino ITA"]
[Date "2011.01.07"]
[Round "4"]
[White "Gallucci, Alessio"]
[Black "Quirico, Paolo"]
[Result "0-1"]
[WhiteElo "2218"]
[BlackElo "2156"]
[PlyCount "56"]
[EventDate "2011.01.05"]

1. e4 e6 2. d4 d5 3. Nc3 Bb4 4. e5 c5 5. a3 Bxc3+ 6. bxc3 Ne7 7. Qg4 Qc7 8.
Qxg7 Rg8 9. Qxh7 cxd4 10. Ne2 Nbc6 11. f4 Bd7 12. Qd3 dxc3 13. Nxc3 a6 14. Rb1
Na5 15. h4 Nf5 16. Rh3 O-O-O 17. Rb4 Bc6 18. h5 Nc4 19. h6 Rg6 20. h7 Rh8 21.
Kf2 Qe7 22. Be2 Rg7 23. g4 Rgxh7 24. Rxh7 Rxh7 25. gxf5 Rh2+ 26. Ke1 Qh4+ 27.
Kd1 Rh1+ 28. Bf1 Qf2 0-1

[Event "XXXVI Weekend A Epifania"]
[Site "Torino ITA"]
[Date "2011.01.07"]
[Round "4"]
[White "Finocchiaro, Gianluca"]
[Black "Hofmann, Martin"]
[Result "0-1"]
[WhiteElo "2108"]
[BlackElo "2175"]
[PlyCount "50"]
[EventDate "2011.01.05"]

1. e4 d5 2. exd5 Qxd5 3. Nc3 Qa5 4. Bc4 c6 5. d4 Bf5 6. Nf3 Nf6 7. Bd2 e6 8.
Qe2 Bb4 9. a3 Nbd7 10. O-O-O Bxc3 11. Bxc3 Qc7 12. Ne5 O-O 13. g4 Nxe5 14. dxe5
Nxg4 15. Rhg1 Nh6 16. Bd2 Bg6 17. h4 b5 18. Bb3 Kh8 19. h5 Bf5 20. Qe3 Rad8 21.
Qg3 Rg8 22. Qh4 Qxe5 23. Rxg7 Qxg7 24. Bc3 Rxd1+ 25. Kxd1 e5 0-1

[Event "XXXVI Weekend A Epifania"]
[Site "Torino ITA"]
[Date "2011.01.07"]
[Round "4"]
[White "Grinza, Andrea"]
[Black "Martin, Tiziano"]
[Result "1-0"]
[WhiteElo "2132"]
[BlackElo "1944"]
[PlyCount "61"]
[EventDate "2011.01.05"]

1. d4 d5 2. c4 e6 3. Nc3 c6 4. Nf3 Nd7 5. Bg5 Be7 6. h4 Ngf6 7. e3 h6 8. Bf4 a6
9. cxd5 Nxd5 10. Nxd5 exd5 11. a3 Nf6 12. Ne5 Ne4 13. Bd3 Nd6 14. Qh5 Be6 15.
g4 Ne4 16. Bxe4 dxe4 17. Bg5 g6 18. Bxe7 Qxe7 19. Nxg6 fxg6 20. Qe5 Kd7 21.
Qxe4 Bd5 22. Qxe7+ Kxe7 23. Rh3 Rhf8 24. e4 Be6 25. Rg3 Rf4 26. f3 h5 27. gxh5
Rxh4 28. Kf2 gxh5 29. Rg7+ Bf7 30. Kg3 Rg8 31. Rxg8 1-0

[Event "XXXVI Weekend A Epifania"]
[Site "Torino ITA"]
[Date "2011.01.07"]
[Round "4"]
[White "Di Chiara, Mauro"]
[Black "Fassio, Luca"]
[Result "0-1"]
[WhiteElo "1952"]
[BlackElo "2089"]
[PlyCount "76"]
[EventDate "2011.01.05"]

1. d4 g6 2. e4 Bg7 3. Nf3 d6 4. c3 Nf6 5. Bd3 O-O 6. O-O Nc6 7. Bg5 h6 8. Bh4
e5 9. Nbd2 Re8 10. Re1 g5 11. Bg3 Nh5 12. dxe5 dxe5 13. Qc2 Qf6 14. Nc4 Nf4 15.
Bf1 Be6 16. Ne3 Ne7 17. Rad1 c6 18. a4 Neg6 19. Bxf4 Nxf4 20. Nf5 Bf8 21. g3
Nh5 22. h4 g4 23. Nh2 Qg6 24. Be2 Nf6 25. Kh1 Kh7 26. f3 gxf3 27. Bxf3 Bxf5 28.
exf5 Qxg3 29. Rg1 Qxh4 30. Qg2 Rad8 31. Rde1 e4 32. Bd1 e3 33. Bb3 Rd2 34. Re2
Rxe2 35. Qxe2 Re7 36. Qg2 e2 37. Bxf7 e1=Q 38. Qg6+ Kh8 0-1

[Event "XXXVI Weekend A Epifania"]
[Site "Torino ITA"]
[Date "2011.01.07"]
[Round "4"]
[White "Ratti, Marco"]
[Black "Manni, Stefano"]
[Result "1/2-1/2"]
[WhiteElo "1944"]
[BlackElo "2017"]
[PlyCount "74"]
[EventDate "2011.01.05"]

1. d4 d5 2. Nf3 Nf6 3. g3 Bg4 4. Bg2 c5 5. dxc5 e6 6. c4 Bxc5 7. O-O Nc6 8.
cxd5 Qxd5 9. Qa4 O-O 10. Nc3 Qh5 11. Ne4 Be7 12. Bg5 b5 13. Nxf6+ gxf6 14. Qxb5
Rfc8 15. Rac1 Rab8 16. Qa6 fxg5 17. Rxc6 Rxc6 18. Qxc6 Rxb2 19. Qc7 Bf6 20.
Qxa7 Rxe2 21. Qa8+ Kg7 22. a4 Ra2 23. Qe4 Bf5 24. Qc4 Rc2 25. Qb5 Rb2 26. Qa6
g4 27. Ne1 Qg6 28. Bc6 Bd4 29. Bb5 Qf6 30. Qd6 Be4 31. Qf4 Qg6 32. Nd3 Rc2 33.
Ne5 Bxe5 34. Qxe5+ Kh6 35. Re1 f5 36. Qf4+ Qg5 37. Qxg5+ Kxg5 1/2-1/2

[Event "XXXVI Weekend A Epifania"]
[Site "Torino ITA"]
[Date "2011.01.07"]
[Round "4"]
[White "Torrione, William"]
[Black "Longo, Enrico"]
[Result "1-0"]
[WhiteElo "2005"]
[BlackElo "1915"]
[PlyCount "75"]
[EventDate "2011.01.05"]

1. d4 Nf6 2. c4 e6 3. Nf3 d5 4. g3 Bb4+ 5. Bd2 Be7 6. Bg2 c6 7. Qc2 Na6 8. O-O
Bd7 9. a3 dxc4 10. Ne5 O-O 11. Qxc4 Nd5 12. Nc3 Rc8 13. b4 Nac7 14. Ne4 Nb5 15.
Nc5 Nd6 16. Qa2 Be8 17. e4 Nf6 18. Nc4 Nxc4 19. Qxc4 b6 20. Nd3 c5 21. dxc5
bxc5 22. b5 Nd7 23. a4 Bf6 24. Rad1 Bd4 25. e5 Nb6 26. Qc2 c4 27. Nf4 Qc7 28.
Ne2 Bxe5 29. Bb4 Bxb5 30. axb5 Rfe8 31. Bc6 Red8 32. Ba5 Rxd1 33. Rxd1 h5 34.
Bxb6 axb6 35. Qxc4 Bf6 36. Qf4 Be5 37. Qg5 g6 38. Rd7 1-0

[Event "XXXVI Weekend A Epifania"]
[Site "Torino ITA"]
[Date "2011.01.08"]
[Round "5"]
[White "Hofmann, Martin"]
[Black "Passerotti, Pierluigi"]
[Result "0-1"]
[WhiteElo "2175"]
[BlackElo "2255"]
[PlyCount "90"]
[EventDate "2011.01.05"]

1. Nf3 f5 2. c4 Nf6 3. Nc3 g6 4. g3 Bg7 5. Bg2 d6 6. O-O e5 7. d3 O-O 8. Rb1 h6
9. b4 g5 10. c5 Re8 11. cxd6 cxd6 12. Qc2 Nc6 13. e3 Be6 14. Ba3 Qd7 15. Rfc1
Nd8 16. Qd1 Bf7 17. Nd2 Rc8 18. b5 d5 19. Nb3 b6 20. d4 e4 21. Na1 Ne6 22. Qb3
g4 23. Nc2 Ng5 24. Ne2 Nf3+ 25. Bxf3 exf3 26. Nf4 Ne4 27. Bb4 Qxb5 28. Be1 Qxb3
29. axb3 Bf8 30. Nb4 Nf6 31. Nc6 Ba3 32. Rc2 Kf8 33. Ra1 Bd6 34. Rxa7 Bxf4 35.
gxf4 Re6 36. Nb4 Rxc2 37. Nxc2 Rc6 38. Bb4+ Kg8 39. Ra2 Ne4 40. Kf1 h5 41. Ke1
h4 42. Be7 g3 43. fxg3 hxg3 44. hxg3 Bh5 45. Bh4 Bg4 0-1

[Event "XXXVI Weekend A Epifania"]
[Site "Torino ITA"]
[Date "2011.01.08"]
[Round "5"]
[White "Pulito, Alberto"]
[Black "Giacometto, Mario"]
[Result "1-0"]
[WhiteElo "2282"]
[BlackElo "1991"]
[PlyCount "85"]
[EventDate "2011.01.05"]

1. e4 e6 2. d4 d5 3. Nc3 Bb4 4. Bd3 dxe4 5. Bxe4 Nf6 6. Bf3 O-O 7. Nge2 c5 8.
a3 Bxc3+ 9. bxc3 e5 10. Bg5 exd4 11. cxd4 cxd4 12. O-O Nc6 13. Rb1 Re8 14. Rb5
h6 15. Rd5 Qe7 16. Bxf6 Qxf6 17. Nxd4 Ne5 18. Be2 a6 19. f4 Nc6 20. Nxc6 bxc6
21. Rd6 Qe7 22. Bf3 Bb7 23. Rd7 Qe3+ 24. Kh1 Rab8 25. Qd6 Qe1 26. Qd1 Qe3 27.
Qd3 a5 28. Bh5 Qxd3 29. Bxf7+ Kf8 30. cxd3 Re2 31. Bh5 Rb2 32. Bf3 c5 33. h3
Ba6 34. Kh2 R2b3 35. Rc1 Rxa3 36. Rxc5 Rxd3 37. Ra7 Bc8 38. Rcc7 Be6 39. Rxg7
a4 40. Rg6 Bb3 41. Rxh6 Bg8 42. Rf6+ Ke8 43. Bc6+ 1-0

[Event "XXXVI Weekend A Epifania"]
[Site "Torino ITA"]
[Date "2011.01.08"]
[Round "5"]
[White "Fassio, Luca"]
[Black "Grinza, Andrea"]
[Result "1/2-1/2"]
[WhiteElo "2089"]
[BlackElo "2132"]
[PlyCount "129"]
[EventDate "2011.01.05"]

1. e4 c6 2. d4 d5 3. exd5 cxd5 4. c4 Nf6 5. Nc3 Nc6 6. Nf3 g6 7. c5 Bg7 8. Be2
O-O 9. O-O Bg4 10. a3 e6 11. Be3 b6 12. cxb6 Qxb6 13. Na4 Qd8 14. Rc1 Bxf3 15.
Bxf3 Ne7 16. Nc5 Nf5 17. b4 Nd7 18. Qd3 Nb6 19. a4 Nc4 20. b5 Rc8 21. Na6 Qf6
22. Nc5 Nxd4 23. Nd7 Nxf3+ 24. gxf3 Qxf3 25. Nxf8 Bxf8 26. Qd1 Qh3 27. Bf4 g5
28. Bxg5 Bd6 29. f4 Bc5+ 30. Kh1 Ne3 31. Qf3 Qxf3+ 32. Rxf3 Nc4 33. Bf6 Kf8 34.
Rh3 Be7 35. Bxe7+ Kxe7 36. Rxh7 Rd8 37. Rh3 Rd7 38. Rd3 f6 39. Kg2 e5 40. fxe5
fxe5 41. Rxc4 dxc4 42. Rxd7+ Kxd7 43. Kf3 Kd6 44. h4 Kc5 45. Ke3 Kb4 46. Kd2
c3+ 47. Kc2 e4 48. a5 e3 49. b6 axb6 50. axb6 e2 51. b7 e1=Q 52. b8=Q+ Kc5 53.
Qf8+ Kc6 54. Qf6+ Kd7 55. Qf5+ Ke8 56. Qg6+ Kf8 57. Qh6+ Kg8 58. Qg5+ Kh8 59.
h5 Qa1 60. Qf6+ Kg8 61. Qe6+ Kh8 62. Qe8+ Kh7 63. Qg6+ Kh8 64. Qf6+ Kg8 65.
Qg6+ 1/2-1/2

[Event "XXXVI Weekend A Epifania"]
[Site "Torino ITA"]
[Date "2011.01.08"]
[Round "5"]
[White "Gallucci, Alessio"]
[Black "Torrione, William"]
[Result "1-0"]
[WhiteElo "2218"]
[BlackElo "2005"]
[PlyCount "39"]
[EventDate "2011.01.05"]

1. e4 e5 2. d4 exd4 3. Qxd4 Nc6 4. Qe3 d6 5. Nc3 Nf6 6. Bd2 Ng4 7. Qg3 Be7 8.
Nf3 Nce5 9. Nxe5 dxe5 10. Nd5 Bh4 11. Nxc7+ Qxc7 12. Qxh4 O-O 13. Bd3 Be6 14.
O-O Nf6 15. Kh1 Bc4 16. f4 Bxd3 17. cxd3 Qc2 18. fxe5 Nxe4 19. Bb4 Nd2 20. Qf2
1-0

[Event "XXXVI Weekend A Epifania"]
[Site "Torino ITA"]
[Date "2011.01.08"]
[Round "5"]
[White "Cacinschi, Alexandru"]
[Black "Finocchiaro, Gianluca"]
[Result "0-1"]
[WhiteElo "1969"]
[BlackElo "2108"]
[PlyCount "68"]
[EventDate "2011.01.05"]

1. Nf3 Nc6 2. d4 d5 3. Nc3 Nf6 4. Bf4 a6 5. h3 Bf5 6. a3 Ne4 7. e3 Nxc3 8. bxc3
e6 9. c4 Bd6 10. Bxd6 Qxd6 11. c5 Qe7 12. Bd3 Bxd3 13. cxd3 O-O 14. O-O f5 15.
Qb3 Rab8 16. Rab1 Qf6 17. Qc3 g5 18. Ne5 Nxe5 19. dxe5 Qg6 20. f4 Kh8 21. Qd2
Rg8 22. d4 g4 23. hxg4 Qxg4 24. Rb2 Rg6 25. Qe2 Qh4 26. Qf2 Rg3 27. Qd2 Rbg8
28. Rf2 Rh3 29. Kf1 Rh1+ 30. Ke2 Qg4+ 31. Kd3 Rd1 32. Rxb7 Rxd2+ 33. Rxd2 Qg3
34. Rxc7 Rb8 0-1

[Event "XXXVI Weekend A Epifania"]
[Site "Torino ITA"]
[Date "2011.01.08"]
[Round "5"]
[White "De Barberis, Massimo"]
[Black "Banchio, Davide"]
[Result "0-1"]
[WhiteElo "2090"]
[BlackElo "1968"]
[PlyCount "42"]
[EventDate "2011.01.05"]

1. d4 Nf6 2. Nc3 d5 3. Bg5 e6 4. e4 dxe4 5. Nxe4 Be7 6. Bxf6 Bxf6 7. Nf3 Bd7 8.
Bd3 Bc6 9. c3 Nd7 10. Qc2 g6 11. h4 Qe7 12. O-O-O O-O-O 13. g3 Bg7 14. Rhe1
Rhe8 15. Kb1 h6 16. Ned2 Qf6 17. Be4 Bxe4 18. Qxe4 e5 19. Nc4 exd4 20. Qxe8
Qxf3 21. cxd4 Qxd1+ 0-1

[Event "XXXVI Weekend A Epifania"]
[Site "Torino ITA"]
[Date "2011.01.08"]
[Round "5"]
[White "Manni, Stefano"]
[Black "Sotgia, Cosimo"]
[Result "1-0"]
[WhiteElo "2017"]
[BlackElo "1907"]
[PlyCount "65"]
[EventDate "2011.01.05"]

1. e4 e5 2. Nf3 Nc6 3. Bb5 a6 4. Bxc6 dxc6 5. O-O Bg4 6. h3 h5 7. d3 Qf6 8.
Nbd2 Bc5 9. Nc4 Bxf3 10. Qxf3 Qxf3 11. gxf3 f6 12. f4 exf4 13. Bxf4 O-O-O 14.
e5 fxe5 15. Nxe5 Nh6 16. Be3 Rd5 17. Ng6 Re8 18. Kh1 Bxe3 19. fxe3 Rxe3 20.
Rae1 Rxe1 21. Rxe1 Nf5 22. Nf4 Ng3+ 23. Kh2 Rg5 24. Ne6 Rg6 25. Nf8 Nf1+ 26.
Rxf1 Rd6 27. Re1 b5 28. Ne6 g6 29. Nc5 Kb8 30. Nxa6+ Kb7 31. Nc5+ Kb6 32. Ne4
Re6 33. h4 1-0

[Event "XXXVI Weekend A Epifania"]
[Site "Torino ITA"]
[Date "2011.01.09"]
[Round "6"]
[White "Passerotti, Pierluigi"]
[Black "Barletta, Mauro"]
[Result "1/2-1/2"]
[WhiteElo "2255"]
[BlackElo "2247"]
[PlyCount "71"]
[EventDate "2011.01.05"]

1. c4 Nc6 2. Nc3 e5 3. g3 g6 4. Bg2 Bg7 5. Rb1 a5 6. a3 d6 7. b4 axb4 8. axb4
f5 9. b5 Nce7 10. d3 Nf6 11. Nf3 O-O 12. Qb3 Kh8 13. Bb2 h6 14. O-O Be6 15. Ra1
Qd7 16. Rxa8 Rxa8 17. Ra1 Rxa1+ 18. Bxa1 b6 19. Qa4 g5 20. d4 e4 21. d5 exf3
22. dxe6 Qxe6 23. Bxf3 Kh7 24. e3 Ng6 25. Nd5 Nxd5 26. Bxd5 Qe8 27. Bxg7 Kxg7
28. Qa1+ Qe5 29. Qa7 Qe7 30. Qb8 Kf6 31. Kg2 h5 32. Qg8 h4 33. Kf1 hxg3 34.
hxg3 Nf8 35. f4 gxf4 36. Qh8+ 1/2-1/2